| 000 | 00560nam a22001577a 4500 | ||
|---|---|---|---|
| 003 | NUST | ||
| 082 | _a200 | ||
| 100 |
_aMehmood, Kiran _9114349 |
||
| 245 |
_aTowards a generic deep model: Human gait analysis using wearable devices for smart health care in internet of health things/ _cKiran Mehmood, |
||
| 264 |
_aIslamabad : _bSEECS, NUST, _c2023. |
||
| 300 |
_a71 p. ; _c30 cm. |
||
| 650 |
_aMS-Computer Science _926780 |
||
| 700 |
_aSupervisor: Dr. Qaiser Riaz _996872 |
||
| 856 | _uhttp://10.250.8.41:8080/xmlui/handle/123456789/33981 | ||
| 942 |
_2ddc _cSC |
||
| 999 |
_c595702 _d595702 |
||